000 00772nam a2200205Ii 4500
003 JO-AjNU
008 230605s9999||||xx |||||||||||||| ||und||
040 _aJO-AjNU
_bara
_erda
_cJO-AjNU
041 _aara
050 1 4 _aLB1028.J2 1978
100 3 _aجابر،جابر عبد الكريم مؤلف/كاظم،أحمد خيري م.مشارك,
_eauthor
_97922
245 0 0 _aمناهج البحث في التربية وعلم النفس
250 _aط2
264 3 1 _aالقاهرة:دار النهضة العربية،1978
300 _a484ص
_bملحق:ص(443-484)
336 _atext
_btxt
_2rdacontent
337 _aunmediated
_bn
_2rdamedia
338 _avolume
_bnc
_2rdacarrier
650 4 _aالتعليم-طرق البحث. علم النفس-طرق البحث
_97923
999 _aA524
_c4092
_d4092